[Event "Bad Woerishofen op 38th"]
[Site "Bad Woerishofen"]
[Date "2023.03.06"]
[Round "4"]
[White "Nusser, Hans Karl"]
[Black "Bergmann, Thomas1"]
[Result "0-1"]
[WhiteElo "1684"]
[BlackElo "1774"]
[PlyCount "56"]
[EventDate "2023.03.03"]
[EventType "swiss"]
[EventRounds "9"]
[EventCountry "GER"]
[SourceTitle "CBM 213 Extra"]
[Source "ChessBase"]
[SourceDate "2023.05.31"]
[SourceVersion "1"]
[SourceVersionDate "2023.05.31"]
[SourceQuality "1"]

1. d4 d5 2. c4 e6 3. cxd5 exd5 4. Nf3 Nf6 5. e3 Bf5 6. Bd3 Bg6 7. 0-0 Bd6 8. Qb3 b6 9. Re1 0-0 10. Bxg6 hxg6 11. Nc3 Re8 12. Bd2 c6 13. Rec1 Nbd7 14. Ne2 Rc8 15. Qd1 Ne4 16. Be1 Ndf6 17. b4 g5 18. a3 Qe7 19. Nd2 g6 20. Nxe4 Nxe4 21. Nc3 Kg7 22. Qf3 Nf6 23. h3 Rh8 24. Rc2 Rh7 25. Qd1 g4 26. hxg4 Rch8 27. g3 Bxg3 28. fxg3 Qxe3+ 0-1

[Event "Arber op 7th"]
[Site "Bodenmais"]
[Date "2018.08.03"]
[Round "7"]
[White "Hildebrand, Georg"]
[Black "Nusser, Hans Karl"]
[Result "1/2-1/2"]
[WhiteElo "1462"]
[BlackElo "1743"]
[PlyCount "67"]
[EventDate "2018.07.28"]
[EventType "swiss"]
[EventRounds "9"]
[EventCountry "GER"]
[SourceTitle "CBM 185 Extra"]
[Source "ChessBase"]
[SourceDate "2018.07.29"]
[SourceVersion "1"]
[SourceVersionDate "2018.07.29"]
[SourceQuality "1"]

1. c4 e5 2. a3 Nf6 3. Nc3 g6 4. g3 Bg7 5. Bg2 0-0 6. d3 d6 7. Nf3 Re8 8. Bg5 h6 9. Bc1 Nc6 10. 0-0 Bd7 11. b4 Kh7 12. b5 Na5 13. Rb1 e4 14. Ne1 exd3 15. exd3 Be6 16. Qa4 b6 17. Bb2 Rb8 18. Nf3 Re7 19. Nd4 Bd7 20. Nc6 Nxc6 21. bxc6 Bf5 22. Rfd1 Ng4 23. Qc2 Qe8 24. h3 Nf6 25. Qd2 Re5 26. Re1 Rxe1+ 27. Rxe1 Be6 28. g4 Qf8 29. Nb5 Qd8 30. Nd4 Bc8 31. Bc1 Ng8 32. Nf3 b5 33. Qf4 Qf8 34. c5 1/2-1/2

[Event "Arber op 7th"]
[Site "Bodenmais"]
[Date "2018.07.31"]
[Round "4"]
[White "Nusser, Hans Karl"]
[Black "Karayilan, Nilufer"]
[Result "1-0"]
[WhiteElo "1743"]
[BlackElo "1326"]
[PlyCount "83"]
[EventDate "2018.07.28"]
[EventType "swiss"]
[EventRounds "9"]
[EventCountry "GER"]
[SourceTitle "CBM 185 Extra"]
[Source "ChessBase"]
[SourceDate "2018.07.29"]
[SourceVersion "1"]
[SourceVersionDate "2018.07.29"]
[SourceQuality "1"]

1. d4 Nf6 2. c4 e6 3. Nc3 c5 4. d5 exd5 5. cxd5 d6 6. e4 g6 7. Bd3 Bg7 8. Nf3 Bg4 9. h3 Bxf3 10. Qxf3 Nbd7 11. 0-0 0-0 12. Bf4 Nb6 13. Rfe1 c4 14. Bc2 a6 15. a4 Nc8 16. Bg5 Nb6 17. Qf4 Re8 18. Re2 Nh5 19. Qd2 Qc7 20. Rb1 Nd7 21. Rbe1 Rab8 22. Rb1 b5 23. Na2 Nc5 24. Nb4 a5 25. Nc6 Ra8 26. axb5 Qb6 27. Be7 Bf8 28. Bxf8 Kxf8 29. Qc3 Kg8 30. Qxc4 a4 31. Ra1 Nb3 32. Bxb3 axb3 33. Rxa8 Rxa8 34. Re3 Nf6 35. Rxb3 Nd7 36. Ra3 Rxa3 37. bxa3 Nc5 38. a4 Nb7 39. Qb4 Qc7 40. a5 Nc5 41. a6 Qb6 42. Qa5 1-0

[Event "Arber op 7th"]
[Site "Bodenmais"]
[Date "2018.07.29"]
[Round "2"]
[White "Nusser, Hans Karl"]
[Black "Bruening, Martin"]
[Result "0-1"]
[WhiteElo "1743"]
[BlackElo "1736"]
[PlyCount "52"]
[EventDate "2018.07.28"]
[EventType "swiss"]
[EventRounds "9"]
[EventCountry "GER"]
[SourceTitle "CBM 185 Extra"]
[Source "ChessBase"]
[SourceDate "2018.07.29"]
[SourceVersion "1"]
[SourceVersionDate "2018.07.29"]
[SourceQuality "1"]

1. d4 d5 2. c4 e6 3. Nc3 Nf6 4. cxd5 exd5 5. Bf4 Bd6 6. Bxd6 Qxd6 7. e3 c6 8. Bd3 0-0 9. h3 Re8 10. Nf3 Nbd7 11. 0-0 Ne4 12. Qc2 f5 13. Rfe1 b6 14. Nd2 Ndf6 15. f3 Nxd2 16. Qxd2 Bd7 17. Rac1 Re7 18. Qc2 g6 19. Kf2 Rae8 20. Re2 Kg7 21. Rh1 f4 22. Nd1 Nh5 23. exf4 Qxf4 24. Rxe7+ Rxe7 25. Qc3 Qg3+ 26. Kf1 Nf4 0-1

[Event "Arber op 6th"]
[Site "Bodenmais"]
[Date "2017.08.05"]
[Round "8"]
[White "Nusser, Hans Karl"]
[Black "Tuna, Baytun"]
[Result "0-1"]
[WhiteElo "1709"]
[BlackElo "1806"]
[PlyCount "72"]
[EventDate "2017.07.29"]
[EventType "swiss"]
[EventRounds "9"]
[EventCountry "GER"]
[SourceTitle "EXT 2018"]
[Source "ChessBase"]
[SourceDate "2017.10.13"]
[SourceVersion "1"]
[SourceVersionDate "2017.10.13"]
[SourceQuality "1"]

1. d4 d5 2. c4 e6 3. Nc3 c6 4. cxd5 exd5 5. Bf4 Bf5 6. e3 Nf6 7. Bd3 Bg4 8. Qb3 b6 9. h3 Bh5 10. Nge2 Bd6 11. Bxd6 Qxd6 12. Ng3 Bg6 13. Qc2 Bxd3 14. Qxd3 g6 15. 0-0 0-0 16. Rfc1 Nbd7 17. a3 a6 18. Rab1 c5 19. a4 c4 20. Qc2 Rab8 21. Rf1 Rfe8 22. Qd2 b5 23. axb5 axb5 24. Ra1 b4 25. Nce2 Ra8 26. Rfe1 Nb6 27. Qc2 Qc6 28. Rec1 Rxa1 29. Rxa1 Ra8 30. Qc1 Rxa1 31. Qxa1 Qa4 32. Qb1 Qb3 33. Nc1 Qd1+ 34. Nf1 Ne4 35. Qa1 Nd2 36. Nb3 Qxf1+ 0-1